Harta karun di Bali

Bibliographic Details
Main Author: Zulaikha
Corporate Author: Title
Format: Book
Published: Kuala Lumpur : Penerbitan Fargoes , 2000
Series:Siri Salma
Subjects:

MARC

LEADER 00000cam a2200000 7i4500
001 0000075662
005 20171003.0
008 171003
020 |a 9831510852 
090 0 0 |a AD   |b MAL 
100 1 |a Zulaikha 
245 1 0 |a Harta karun di Bali   |c Zulaikha 
260 |a Kuala Lumpur :   |b Penerbitan Fargoes ,   |c 2000 
490 1 |a Siri Salma 
500 |a Children ages 7-9 years old (orange) 
650 0 |a Detective and mystery stories, Malay 
650 0 |a Malay fiction 
710 0 |a Title 
999 |a 0000777937   |b Book   |c Children Collection   |e Cawangan Pontian 
999 |a 0000777938   |b Book   |c Children Collection   |e Cawangan Pontian 
999 |a 0000777939   |b Book   |c Children Collection   |e Cawangan Pontian 
999 |a 0000792698   |b Book   |c Children Collection   |e Cawangan Segamat 
999 |a 0000792699   |b Book   |c Children Collection   |e Cawangan Segamat 
999 |a 0000792700   |b Book   |c Children Collection   |e Cawangan Segamat 
999 |a 0000857410   |b Book   |c Children Collection   |e Cawangan Mersing